|
|
|
|
| LEADER |
00000nam a2200000Ii 4500 |
| 001 |
DIGREVMGM0072 |
| 003 |
NyNyDIG |
| 006 |
m o d |
| 007 |
cr ||||||||||| |
| 008 |
231003s2023 sp a ob 001 0 spa d |
| 035 |
|
|
|a (OCoLC)1401830458
|
| 040 |
|
|
|a DGITA
|b eng
|e rda
|e pn
|c DGITA
|
| 020 |
|
|
|a 9788429197457
|q pdf
|
| 020 |
|
|
|a 9788429197440
|q ePub
|
| 020 |
|
|
|z 9788417963767
|q papel
|
| 041 |
1 |
|
|a spa
|h eng
|
| 050 |
1 |
4 |
|a HD50 ebook
|
| 082 |
0 |
4 |
|a 658.3128
|2 23
|
| 130 |
0 |
|
|a Delegating work.
|l Spanish
|s (Muñoz Serrulla)
|
| 245 |
1 |
0 |
|a Cómo delegar :
|b asigna responsabilidades, fortalece a tu equipo, supera los obstáculos /
|c traducción, Irene Muñoz Serrulla.
|
| 264 |
|
1 |
|a Barcelona :
|b Reverté Management,
|c [2023]
|
| 300 |
|
|
|a 1 online resource.
|
| 336 |
|
|
|a text
|b txt
|2 rdacontent
|
| 337 |
|
|
|a computer
|b c
|2 rdamedia
|
| 338 |
|
|
|a online resource
|b cr
|2 rdacarrier
|
| 347 |
|
|
|a text file
|2 rdaft
|
| 347 |
|
|
|b PDF
|
| 347 |
|
|
|b EPUB
|
| 490 |
1 |
|
|a Serie Management en 20 minutos
|
| 504 |
|
|
|a Includes bibliographical references and index.
|
| 500 |
|
|
|a "Harvard Business Review Press, Boston, Massachusetts"--Cover.
|
| 588 |
0 |
|
|a Online resource; title from PDF title page (Digitalia, viewed October 2, 2023)
|
| 650 |
|
0 |
|a Delegation of authority.
|
| 650 |
|
0 |
|a Supervision of employees.
|
| 700 |
1 |
|
|a Muñoz Serrulla, Irene,
|e translator.
|
| 730 |
0 |
|
|i Translation of:
|t Delegating work.
|
| 791 |
2 |
|
|a Digitalia (Firm),
|e distributor.
|
| 793 |
0 |
|
|g Digitalia eBook Collection:
|a Reverté Management
|
| 776 |
0 |
8 |
|i Print version:
|a Delegating work. Spanish (Muñoz Serrulla).
|t Cómo delegar.
|d Barcelona : Reverté Management, [2023]
|z 9788417963767
|
| 830 |
|
0 |
|a 20 minute manager series.
|
| 856 |
4 |
0 |
|3 Digitalia Hispánica
|u https://www.digitaliapublishing.com/a/129402/
|
| 910 |
|
|
|a Premium collection: 2023
|